[Event "N1 Reykjavik Open 2014"]
[Site "Reykjavik, Iceland"]
[Date "2014.03.08"]
[Round "6.62"]
[White "Sielicki, Tomasz"]
[Black "Þorsteinsson, Arnar"]
[Result "0-1"]
[WhiteElo "2019"]
[BlackElo "2205"]
[EventDate "2014.03.04"]
[PlyCount "102"]

1. d4 Nf6 2. Bg5 Ne4 3. h4 c5 4. d5 Qb6 5. Nd2 Nxd2 6. Bxd2 Qxb2 7. e4 Qe5
8. Bd3 c4 9. Nf3 Qc7 10. Bf1 d6 11. Bc3 e5 12. Nd2 Be7 13. f4 exf4 14. 
Bxg7 Rg8 15. Bd4 Bg4 16. Qb1 c3 17. Nf3 Nd7 18. Qb4 Bxf3 19. gxf3 Bf6 20. 
Bb5 Bxd4 21. Qxd4 Qb6 22. Qxb6 axb6 23. Kf2 Ke7 24. Bxd7 Kxd7 25. Rhg1 
Rxg1 26. Kxg1 Ra4 27. a3 Rd4 28. Rb1 Rd2 29. Rxb6 Kc7 30. Rb3 Rxc2 31. Kf1
Kb8 32. Ke1 Ka7 33. Kd1 Rd2+ 34. Kc1 Rd3 35. Kc2 Rxf3 36. Rxc3 Rxc3+ 37. 
Kxc3 Kb6 38. Kd4 f6 39. Kc4 Ka5 40. Kd3 Ka4 41. Ke2 Kxa3 42. Kf3 b5 43. 
Kxf4 b4 44. Kf5 b3 45. Kxf6 b2 46. e5 dxe5 47. d6 b1=Q 48. d7 Qb8 49. Ke7 
e4 50. d8=Q Qxd8+ 51. Kxd8 e3 0-1

[Event "N1 Reykjavik Open 2014"]
[Site "Reykjavik, Iceland"]
[Date "2014.03.08"]
[Round "6.63"]
[White "Van der Merwe, Cecile H."]
[Black "Sahl, Sheila Barth"]
[Result "1/2-1/2"]
[WhiteElo "2026"]
[BlackElo "2196"]
[EventDate "2014.03.04"]
[PlyCount "0"]

1. e4 c5 2. Nf3 d6 3. d4 cxd4 4. Nxd4 Nf6 5. Nc3 a6 6. Bg5 e6 7. f4 Be7 8.
 Qf3 Qa5 9. O-O-O Bd7 10. Kb1 Nc6 11. Nb3 Qc7 12. Qd3 b5 13. Bxf6 gxf6 14.
 g3 Rc8 15. Bh3 O-O 16. g4 Nb4 17. Qd2 Kh8 18. g5 Qb6 19. Rhg1 Nxc2 20. 
gxf6 Bxf6 21. Qxd6 Qxd6 22. Rxd6 Na3+ 23. bxa3 Rxc3 24. Rg3 Bc8 25. Rxc3 
Bxc3 26. Nc5 e5 27. f5 Bd4 28. Nxa6 Bb7 29. Bg2 Rg8 30. Bf3 Rg1+ 31. Kc2 
Rf1 32. f6 h6 33. Bh5 Bxe4+ 34. Kd2 Kg8 35. Nc7 Rf2+ 36. Ke1 Rxh2 37. Be2 
Rh1+ 38. Kd2 Rh2 39. Ke1 Rh1+ 40. Kd2 Rh2 1/2-1/2

[Event "N1 Reykjavik Open 2014"]
[Site "Reykjavik, Iceland"]
[Date "2014.03.08"]
[Round "6.64"]
[White "Murray, Michael A"]
[Black "Schou-Moldt, Thomas"]
[Result "0-1"]
[WhiteElo "2004"]
[BlackElo "2191"]
[EventDate "2014.03.04"]
[PlyCount "66"]

1. e4 g6 2. Nc3 c6 3. f4 d5 4. d3 Bg7 5. e5 d4 6. Ne4 f6 7. exf6 exf6 8. 
Nf3 Ne7 9. Be2 c5 10. O-O b6 11. c3 f5 12. Neg5 h6 13. Nh3 dxc3 14. Qc2 
cxb2 15. Bxb2 O-O 16. Bxg7 Kxg7 17. Qb2+ Rf6 18. d4 Nbc6 19. Rad1 Qd6 20. 
dxc5 Qxc5+ 21. Kh1 Nd5 22. Rc1 Qb4 23. Qa1 Bb7 24. Rfd1 Rd8 25. Nhg5 Rd6 
26. Rc4 Qa5 27. Ne5 Kg8 28. Ngf3 Ne3 29. Rxd6 Rxd6 30. Nxc6 Bxc6 31. Rxc6 
Rxc6 32. Qd4 Rc1+ 33. Ng1 Rxg1+ 0-1

[Event "N1 Reykjavik Open 2014"]
[Site "Reykjavik, Iceland"]
[Date "2014.03.08"]
[Round "6.65"]
[White "Kazmaier, Daniel"]
[Black "Valtysson, Thor"]
[Result "1-0"]
[WhiteElo "2187"]
[BlackElo "1998"]
[EventDate "2014.03.04"]
[PlyCount "0"]

1. d4 d5 2. Nc3 Nf6 3. Bg5 Nbd7 4. Nf3 e6 5. e4 dxe4 6. Nxe4 Be7 7. Ng3 c6
8. Bd3 O-O 9. O-O Qc7 10. Re1 Bd6 11. Qe2 Re8 12. Ne5 Be7 13. Nxf7 Bb4 14.
 c3 Bxc3 15. bxc3 Kxf7 16. Nh5 g6 17. Nxf6 Nxf6 18. Qf3 Qe7 19. Re4 Kg7 
20. Rh4 h5 21. Rf4 Rf8 22. Qg3 Qe8 23. Re1 Nh7 24. Rxf8 Nxf8 25. Qe5+ Kh7 
26. Bh6 1-0

[Event "N1 Reykjavik Open 2014"]
[Site "Reykjavik, Iceland"]
[Date "2014.03.08"]
[Round "6.66"]
[White "Halldórsson, Jón Árni"]
[Black "Djurhuus, Eivind X"]
[Result "0-1"]
[WhiteElo "2185"]
[BlackElo "1953"]
[EventDate "2014.03.04"]
[PlyCount "0"]

1. d4 Nf6 2. Nf3 e6 3. c4 d5 4. g3 dxc4 5. Qa4+ Nbd7 6. Bg2 a6 7. Qxc4 b5 
8. Qb3 Bb7 9. a4 Bd5 10. Qd3 Be4 11. Qb3 Bd5 12. Qd3 Be4 13. Qd1 c5 14. 
Nc3 Bc6 15. O-O cxd4 16. Nxd4 Bxg2 17. Kxg2 Bc5 18. Nb3 Be7 19. axb5 axb5 
20. Rxa8 Qxa8+ 21. f3 b4 22. Nb5 O-O 23. e4 Nc5 24. N5d4 Rd8 25. Qc2 Rc8 
26. Qe2 Nxb3 27. Nxb3 Nd7 28. Rd1 Nc5 29. Nxc5 Rxc5 30. Be3 Rc6 31. Bd4 
Qc8 32. b3 Rc2 33. Rd2 Rc1 34. Bb2 Rc6 35. Qd1 Bf8 36. h4 Qc7 37. h5 h6 
38. f4 Rd6 39. Rxd6 Bxd6 40. Qc1 Qb7 41. Qc4 Bf8 42. Kf3 Qb6 43. Bd4 Qa5 
44. Be5 Qa2 45. f5 Qh2 46. Kg4 Qd2 47. Kh3 Qg5 48. g4 exf5 49. gxf5 Qxh5+ 
50. Kg3 Qg5+ 51. Kf3 h5 52. Bf4 Qg4+ 53. Ke3 Bc5+ 54. Kd3 Qf3+ 55. Kc2 
Qxf4 56. Qxc5 Qxe4+ 0-1

[Event "N1 Reykjavik Open 2014"]
[Site "Reykjavik, Iceland"]
[Date "2014.03.08"]
[Round "6.67"]
[White "Michalowski, Peter"]
[Black "Hellwig, Tobias"]
[Result "1/2-1/2"]
[WhiteElo "1985"]
[BlackElo "2180"]
[EventDate "2014.03.04"]
[PlyCount "59"]

1. e4 Nf6 2. e5 Nd5 3. d4 d6 4. c4 Nb6 5. exd6 exd6 6. h3 Nc6 7. Nf3 Bf5 
8. d5 Ne5 9. Nd4 Qf6 10. Nxf5 Qxf5 11. Nc3 Be7 12. b3 O-O 13. Be2 c6 14. 
O-O cxd5 15. Nxd5 Nxd5 16. Qxd5 Bf6 17. Ba3 Qc2 18. Bd1 Qd3 19. Qxd3 Nxd3 
20. Rb1 Rad8 21. Bf3 b6 22. Rbd1 Nc5 23. Rfe1 Be5 24. g3 Rfe8 25. Bc6 Re6 
26. Bd5 Re7 27. f4 Bd4+ 28. Kg2 Rxe1 29. Rxe1 Kf8 30. Bxc5 1/2-1/2

[Event "N1 Reykjavik Open 2014"]
[Site "Reykjavik, Iceland"]
[Date "2014.03.08"]
[Round "6.68"]
[White "Van Weersel, Arlette"]
[Black "Thorgeirsson, Jon Kristinn"]
[Result "0-1"]
[WhiteElo "2176"]
[BlackElo "1883"]
[EventDate "2014.03.04"]
[PlyCount "0"]

1. e4 c5 2. Nf3 e6 3. d4 cxd4 4. Nxd4 Nf6 5. Nc3 Bb4 6. Bd3 d5 7. O-O Nc6 
8. Bb5 Bd7 9. exd5 Nxd4 10. Qxd4 Bxc3 11. Bxd7+ Qxd7 12. Qxc3 Qxd5 13. Qa3
Qc6 14. Bg5 Nd5 15. Rac1 f6 16. Bd2 Kf7 17. Qh3 h5 18. c4 Ne7 19. b3 g5 
20. b4 g4 21. Qb3 h4 22. b5 Qe4 23. Rce1 Qf5 24. f3 g3 25. h3 Rhd8 26. Be3
Rd3 27. Qb4 b6 28. Bc1 Ng6 29. Re4 Rad8 30. Rfe1 Rd1 31. Qa4 Qxe4 32. Rxd1
Qe2 33. Rf1 Ne5 34. Qxa7+ Kg6 35. Qa3 Rd1 0-1

[Event "N1 Reykjavik Open 2014"]
[Site "Reykjavik, Iceland"]
[Date "2014.03.08"]
[Round "6.69"]
[White "Thorsteinsdottir, Hallgerdur"]
[Black "Chernukhin, Alexander"]
[Result "1/2-1/2"]
[WhiteElo "1967"]
[BlackElo "2135"]
[EventDate "2014.03.04"]
[PlyCount "0"]

1. e4 d5 2. exd5 Qxd5 3. Nc3 Qd6 4. d4 Nf6 5. g3 c6 6. Nf3 Bf5 7. Bg2 e6 
8. O-O Be7 9. Bf4 Qd8 10. Ne5 O-O 11. a3 h6 12. h4 Nd5 13. Nxd5 exd5 14. 
Re1 Nd7 15. Nxd7 Qxd7 16. Qd2 Rfe8 1/2-1/2

[Event "N1 Reykjavik Open 2014"]
[Site "Reykjavik, Iceland"]
[Date "2014.03.08"]
[Round "6.70"]
[White "Thorhallsson, Gylfi"]
[Black "Sigurdarson, Emil"]
[Result "1-0"]
[WhiteElo "2130"]
[BlackElo "1867"]
[EventDate "2014.03.04"]
[PlyCount "65"]

1. e4 c6 2. d4 d5 3. Nc3 dxe4 4. Nxe4 Bf5 5. Ng3 Bg6 6. Nf3 Nd7 7. h4 h6 
8. h5 Bh7 9. Bd3 Bxd3 10. Qxd3 e6 11. Bd2 Ngf6 12. O-O-O Be7 13. Kb1 O-O 
14. Ne4 Nxe4 15. Qxe4 Nf6 16. Qe2 Qd5 17. Rde1 Rad8 18. g4 c5 19. dxc5 
Qxc5 20. g5 hxg5 21. Bxg5 Rd5 22. Rhg1 Kh7 23. Ne5 Qa5 24. c4 Rd6 25. Rg3 
Ra6 26. a3 Kg8 27. Reg1 Rb6 28. Bd2 Qc5 29. Bb4 Qd4 30. Rxg7+ Kh8 31. Bxe7
Nd5 32. Bxf8 Nc3+ 33. Ka1 1-0

[Event "N1 Reykjavik Open 2014"]
[Site "Reykjavik, Iceland"]
[Date "2014.03.08"]
[Round "6.71"]
[White "Berg, Runar"]
[Black "Thorhallsson, Simon"]
[Result "1-0"]
[WhiteElo "2117"]
[BlackElo "1636"]
[EventDate "2014.03.04"]
[PlyCount "43"]

1. d4 d5 2. c4 c6 3. Nf3 Nf6 4. Nc3 dxc4 5. a4 Bf5 6. Ne5 Nbd7 7. Nxc4 Qc7
8. g3 e5 9. dxe5 Nxe5 10. Bf4 Nfd7 11. Bg2 g5 12. Ne3 gxf4 13. Nxf5 O-O-O 
14. O-O fxg3 15. hxg3 Nc5 16. Qc2 a5 17. Rad1 h5 18. Rxd8+ Qxd8 19. Rd1 
Qc7 20. Ne4 Nxe4 21. Qxe4 Ng6 22. Qe8+ 1-0

[Event "N1 Reykjavik Open 2014"]
[Site "Reykjavik, Iceland"]
[Date "2014.03.08"]
[Round "6.72"]
[White "Farine, Jonathan"]
[Black "Hackner, Oskar A"]
[Result "1-0"]
[WhiteElo "1953"]
[BlackElo "2105"]
[EventDate "2014.03.04"]
[PlyCount "0"]

1. e4 e6 2. d4 d5 3. Nc3 Nf6 4. e5 Nfd7 5. Nf3 c5 6. dxc5 Nc6 7. Bf4 Be7 
8. Qd2 g5 9. Bxg5 Ncxe5 10. Bxe7 Nxf3+ 11. gxf3 Qxe7 12. b4 Qf6 13. Rb1 
Ne5 14. Be2 Bd7 15. Rg1 Nxf3+ 16. Bxf3 Qxf3 17. Qd4 Ke7 18. b5 Rhg8 19. 
Kd2 f6 20. Rbe1 Kf7 21. Qh4 Qf5 22. Qd4 a6 23. a4 h5 24. Ne4 Qf4+ 25. Kd1 
Qf3+ 26. Kc1 axb5 27. Nd6+ Ke7 28. axb5 e5 29. Rxe5+ fxe5 30. Qxe5+ Be6 
31. Re1 Qa3+ 32. Kd2 Rg6 1-0

[Event "N1 Reykjavik Open 2014"]
[Site "Reykjavik, Iceland"]
[Date "2014.03.08"]
[Round "6.73"]
[White "Ferreira, Alex"]
[Black "Bjarnason, Saevar"]
[Result "1-0"]
[WhiteElo "1933"]
[BlackElo "2101"]
[EventDate "2014.03.04"]
[PlyCount "0"]

1. e4 e6 2. d4 d5 3. Nc3 Nf6 4. e5 Nfd7 5. Nf3 c5 6. dxc5 Nc6 7. Bf4 a6 8.
 a3 Bxc5 9. Bd3 f5 10. exf6 Nxf6 11. Qe2 O-O 12. O-O-O b5 13. b4 Bd6 14. 
Bg3 Qc7 15. Qd2 Bd7 16. Ng5 h6 17. Nf3 Rac8 18. Kb2 Bxg3 19. hxg3 e5 20. 
Rxh6 gxh6 21. Qxh6 Be8 22. Bf5 Nd8 23. Bxc8 Qxc8 24. Qg5+ Kf7 25. Nxe5+ 
Ke6 26. Ng6 Qxc3+ 27. Kxc3 Ne4+ 28. Kb2 Nxg5 29. Nxf8+ Ke7 30. Rxd5 Ndf7 
31. Ng6+ Kf6 32. Nf4 Bc6 33. Rc5 Ne5 34. Nd5+ Bxd5 35. Rxd5 Ne4 36. Rd8 
Nxf2 37. Rf8+ Nf7 38. Ra8 Nd6 39. Rxa6 Ke5 40. a4 bxa4 41. Rxa4 Kd5 42. 
Kb3 Nfe4 43. Ra8 Nxg3 44. Rd8 Ne4 45. c4+ Kc6 46. c5 Nf7 47. Rc8+ Kd5 48. 
Rc7 Ne5 49. Rh7 Nc6 50. Rd7+ Ke5 51. Kc4 Ke6 52. Rc7 Ne5+ 53. Kd4 Nf6 54. 
b5 1-0

[Event "N1 Reykjavik Open 2014"]
[Site "Reykjavik, Iceland"]
[Date "2014.03.08"]
[Round "6.74"]
[White "Flodmark, Tarras"]
[Black "Fehr, Axel"]
[Result "0-1"]
[WhiteElo "1922"]
[BlackElo "2101"]
[EventDate "2014.03.04"]
[PlyCount "0"]

1. d4 Nf6 2. c4 g6 3. Nc3 d5 4. Nf3 Bg7 5. Bg5 Ne4 6. Bf4 Nxc3 7. bxc3 c5 
8. cxd5 Qxd5 9. e3 cxd4 10. cxd4 Nc6 11. Qd2 O-O 12. Rc1 Bg4 13. Be2 Rfd8 
14. h3 Bf5 15. O-O e5 16. Bg5 Rd7 17. Bc4 Qd6 18. d5 Qb4 19. Rfd1 h6 20. 
Bh4 Qb6 21. e4 g5 22. exf5 gxh4 23. Qe3 Nd4 24. Nxe5 Re7 25. f4 Ne2+ 26. 
Kf2 Qxe3+ 27. Kxe3 Bxe5 28. Bxe2 Bb2+ 29. Kd2 Bxc1+ 30. Rxc1 Rd8 31. Bf3 
Kg7 32. Rc3 Kf6 33. Ra3 a6 34. Ra5 Rd6 35. Rc5 Kxf5 36. Rc4 Kf6 37. f5 
Kxf5 38. Rxh4 Kg6 39. Rc4 Rb6 40. Kd3 Kf5 41. Rc2 Ke5 42. Re2+ Kd6 43. Rc2
Rb5 44. Rc4 Ra5 45. a4 Re5 46. Rh4 h5 47. Rf4 f5 48. Rd4 Re1 49. Rb4 b5 
50. axb5 Rxb5 51. Ra4 a5 52. Rh4 Ra1 53. Rxh5 Ke5 54. Kc2 Ra2+ 55. Kc3 
Ra3+ 56. Kc2 a4 57. Rh4 f4 58. Rh5+ Kd4 59. d6 Ra2+ 60. Kc1 Rxh5 61. Bxh5 
Kc3 62. Bg6 Ra1+ 63. Bb1 a3 0-1

[Event "N1 Reykjavik Open 2014"]
[Site "Reykjavik, Iceland"]
[Date "2014.03.08"]
[Round "6.75"]
[White "Bergsson, Stefan"]
[Black "Petersson, Baldur Teodor"]
[Result "1-0"]
[WhiteElo "2099"]
[BlackElo "1624"]
[EventDate "2014.03.04"]
[PlyCount "45"]

1. e4 c5 2. Nc3 e6 3. Nf3 a6 4. d4 cxd4 5. Nxd4 Qc7 6. Be2 Nf6 7. O-O Nc6 
8. Kh1 Bd6 9. f4 Nxd4 10. Qxd4 e5 11. fxe5 Bxe5 12. Qd3 Bxh2 13. Bg5 Be5 
14. Bxf6 Bxf6 15. Nd5 Qc6 16. Rxf6 gxf6 17. Qg3 d6 18. Qg7 Rf8 19. Nxf6+ 
Ke7 20. Nd5+ Ke8 21. Qg5 f6 22. Qg7 Qd7 23. Bh5+ 1-0

[Event "N1 Reykjavik Open 2014"]
[Site "Reykjavik, Iceland"]
[Date "2014.03.08"]
[Round "6.76"]
[White "Jonsson, Olafur Gisli"]
[Black "Marentini, Marcel"]
[Result "1-0"]
[WhiteElo "1890"]
[BlackElo "2155"]
[EventDate "2014.03.04"]
[PlyCount "73"]

1. e4 d6 2. d4 Nf6 3. Nc3 e5 4. Nf3 Nbd7 5. Bc4 Be7 6. O-O O-O 7. Bg5 c6 
8. dxe5 dxe5 9. a4 a5 10. Qe2 Re8 11. Rad1 Qb6 12. b3 Bc5 13. h3 h6 14. 
Bh4 Nh7 15. Bg3 Nhf8 16. Rd3 Ng6 17. Nh4 Nxh4 18. Bxh4 Nf8 19. Bxf7+ Kxf7 
20. Qh5+ g6 21. Qxh6 Qc7 22. Qh8 Re6 23. Rfd1 Be7 24. Rf3+ Ke8 25. Rxf8+ 
Bxf8 26. Rd8+ Qxd8 27. Bxd8 Kxd8 28. Qxf8+ Kc7 29. Nb1 Rb8 30. Na3 Bd7 31.
 Qg7 Rbe8 32. Nc4 R8e7 33. Qf8 Bc8 34. Nxa5 Rd7 35. Nc4 Rd1+ 36. Kh2 Rc1 
37. a5 1-0

[Event "N1 Reykjavik Open 2014"]
[Site "Reykjavik, Iceland"]
[Date "2014.03.08"]
[Round "6.77"]
[White "Raddatz, Michael"]
[Black "Kilthau, Peter"]
[Result "1-0"]
[WhiteElo "2044"]
[BlackElo "1886"]
[EventDate "2014.03.04"]
[PlyCount "111"]

1. e4 d6 2. Nf3 g6 3. Bc4 Bg7 4. Ng5 e6 5. d4 Nf6 6. Qf3 Nc6 7. c3 O-O 8. 
O-O h6 9. Nh3 e5 10. d5 Nb8 11. Bd3 Nh7 12. Qg3 g5 13. f3 Nf6 14. Nxg5 
hxg5 15. Bxg5 Nh5 16. Qh4 Bf6 17. Bxf6 Nxf6 18. Qg5+ Kh8 19. f4 Nh7 20. 
Qh5 Nd7 21. Nd2 Nf6 22. Qh4 Nd7 23. Qxd8 Rxd8 24. f5 Nc5 25. Bc2 Bd7 26. 
a4 b5 27. a5 c6 28. b4 Na6 29. Rf3 Rg8 30. dxc6 Bxc6 31. Bb3 Nf6 32. Re1 
Rg7 33. Rh3+ Kg8 34. Rh6 Ne8 35. Re3 Kf8 36. f6 Rg6 37. Rh8+ Rg8 38. Rh7 
d5 39. Rf3 Rd8 40. Rf5 Rd6 41. exd5 Bxd5 42. Bxd5 Rxd5 43. Nf3 Rd1+ 44. 
Kf2 e4 45. Ng5 Nd6 46. Re5 e3+ 47. Ke2 Rd2+ 48. Ke1 Rxg5 49. Rxg5 Ke8 50. 
Re5+ Kd7 51. Rg7 Nc7 52. Rxe3 Rd5 53. g4 Ne6 54. h4 Kc6 55. Rxe6 fxe6 56. 
f7 1-0

[Event "N1 Reykjavik Open 2014"]
[Site "Reykjavik, Iceland"]
[Date "2014.03.08"]
[Round "6.78"]
[White "Eliasson, Kristjan Orn"]
[Black "Andersen, Per O"]
[Result "0-1"]
[WhiteElo "1875"]
[BlackElo "2042"]
[EventDate "2014.03.04"]
[PlyCount "76"]

1. e4 d5 2. e5 Bf5 3. d4 e6 4. Nf3 c5 5. c3 Nc6 6. Bb5 Qb6 7. Na3 a6 8. 
Ba4 Qc7 9. dxc5 Bxc5 10. b4 Be7 11. Bxc6+ bxc6 12. O-O h5 13. Re1 Bg4 14. 
Nc2 Bxf3 15. Qxf3 g6 16. a3 Nh6 17. h3 h4 18. Bd2 Nf5 19. Rac1 Qd7 20. 
Red1 Kf8 21. Qg4 Rh5 22. Bf4 a5 23. c4 axb4 24. axb4 Kg7 25. c5 Qb7 26. 
Rb1 Ra2 27. Qe2 Rh8 28. Qd3 Rha8 29. Qb3 Qb5 30. Rf1 Bxc5 31. Bg5 Bb6 32. 
Bf6+ Kh7 33. Ra1 Rxa1 34. Rxa1 Rxa1+ 35. Nxa1 Qe2 36. Bxh4 Qe1+ 37. Kh2 
Nxh4 38. Qg3 Bxf2 0-1

[Event "N1 Reykjavik Open 2014"]
[Site "Reykjavik, Iceland"]
[Date "2014.03.08"]
[Round "6.79"]
[White "Hardarson, Jon Trausti"]
[Black "Traustason, Ingi Tandri"]
[Result "1-0"]
[WhiteElo "2033"]
[BlackElo "1854"]
[EventDate "2014.03.04"]
[PlyCount "0"]

1. d4 Nf6 2. c4 c5 3. d5 d6 4. Nc3 g6 5. e4 Bg7 6. f4 O-O 7. Nf3 Re8 8. 
Bd3 e6 9. O-O exd5 10. cxd5 Qb6 11. Kh1 Na6 12. e5 dxe5 13. Nxe5 Bd7 14. 
Nc4 Qc7 15. f5 Bc8 16. Bf4 Qd8 17. fxg6 fxg6 18. Nd6 Rf8 19. Bxa6 bxa6 20.
 Nxc8 Qxc8 21. d6 Qd7 22. Qd2 Kh8 23. Bg5 Ng8 24. Rxf8 Rxf8 25. Ne4 Rf5 
26. Be3 Be5 27. Bxc5 Nf6 28. Nxf6 Rxf6 29. Rd1 Kg7 30. Re1 Bxd6 31. h3 Kf7
32. Qd5+ Re6 33. Rd1 Ke7 34. Qg5+ Kf7 35. Qd5 Ke7 36. Qd4 Qc6 37. Qg7+ Ke8
38. Qg8+ Kd7 39. Bxd6 Rxd6 40. Qxh7+ Kc8 41. Qg8+ Kc7 42. Qf7+ Kb6 43. 
Qb3+ Kc7 44. Qg3 Kd7 45. Rxd6+ Qxd6 46. Qxd6+ Kxd6 47. Kg1 Ke5 48. Kf2 Kf4
49. g3+ Ke4 50. h4 Ke5 51. Kf3 Kf5 52. g4+ Ke5 53. Ke3 1-0

[Event "N1 Reykjavik Open 2014"]
[Site "Reykjavik, Iceland"]
[Date "2014.03.08"]
[Round "6.80"]
[White "Baldursson, Haraldur"]
[Black "Johansen, Arnt-Ole"]
[Result "1/2-1/2"]
[WhiteElo "2027"]
[BlackElo "1829"]
[EventDate "2014.03.04"]
[PlyCount "64"]

1. d4 d5 2. c4 c6 3. Nc3 Nf6 4. e3 Bf5 5. Bd3 Bxd3 6. Qxd3 e6 7. Nf3 dxc4 
8. Qxc4 Qa5 9. O-O Qa6 10. Qb3 Be7 11. e4 O-O 12. Bg5 h6 13. Bh4 g5 14. 
Bg3 Qb6 15. Qc2 Nbd7 16. h4 Nh5 17. Ne5 Nxe5 18. Bxe5 f6 19. Qe2 Ng7 20. 
Bg3 Rad8 21. hxg5 hxg5 22. d5 e5 23. Rfd1 Kh7 24. Rd3 Kg6 25. Rad1 Bb4 26.
 Nb1 Rh8 27. a3 Rh7 28. Bxe5 Rdh8 29. Rh3 Rxh3 30. gxh3 fxe5 31. axb4 Nh5 
32. Qg4 Rf8 1/2-1/2

[Event "N1 Reykjavik Open 2014"]
[Site "Reykjavik, Iceland"]
[Date "2014.03.08"]
[Round "6.81"]
[White "Omtvedt, Per"]
[Black "Opasiak, Dustin Tennessee"]
[Result "1-0"]
[WhiteElo "2008"]
[BlackElo "1812"]
[EventDate "2014.03.04"]
[PlyCount "0"]

1. e4 e6 2. d4 d5 3. Nd2 Nc6 4. Ngf3 Nf6 5. exd5 Qxd5 6. Bc4 Qf5 7. O-O 
Be7 8. Bd3 Qd5 9. c3 O-O 10. Nc4 b6 11. Bf4 Ne8 12. Ne3 Qd8 13. h3 Bb7 14.
 Qe2 Bd6 15. Bxd6 cxd6 16. Rad1 Nf6 17. Rfe1 a6 18. Bb1 b5 19. Kh2 Ne7 20.
 g3 Ned5 21. Nxd5 Bxd5 22. Nd2 Rc8 23. f3 Qe7 24. Ne4 Nh5 25. f4 g6 26. 
Qe3 Nf6 27. a3 Bb3 28. Nxf6+ Qxf6 29. Rd2 Rc6 30. g4 Rfc8 31. Be4 d5 32. 
Bd3 Qd8 33. f5 Bc4 34. Bc2 Kg7 35. Rf2 exf5 36. gxf5 g5 37. f6+ Rxf6 38. 
Qxg5+ Rg6 39. Qxd8 Rxd8 40. Bxg6 hxg6 41. Re7 1-0

[Event "N1 Reykjavik Open 2014"]
[Site "Reykjavik, Iceland"]
[Date "2014.03.08"]
[Round "6.82"]
[White "Kristinardottir, Elsa Maria"]
[Black "Svensson, Lars-Ake"]
[Result "0-1"]
[WhiteElo "1822"]
[BlackElo "2007"]
[EventDate "2014.03.04"]
[PlyCount "60"]

1. e4 c5 2. Nf3 d6 3. Bb5+ Bd7 4. Bxd7+ Qxd7 5. Nc3 Nc6 6. d4 cxd4 7. Nxd4
e6 8. Be3 Nf6 9. f4 a6 10. Qf3 Qc7 11. Nb3 Rc8 12. g4 Nd7 13. f5 Nde5 14. 
Qe2 b5 15. a3 Be7 16. h4 Nc4 17. Bc1 Bf6 18. g5 Be5 19. Qg4 Qd7 20. O-O 
O-O 21. f6 Rcd8 22. h5 Kh8 23. g6 fxg6 24. hxg6 Rxf6 25. Rxf6 Bxf6 26. 
gxh7 Be5 27. Nd2 Rf8 28. Nf3 Qf7 29. Kg2 Nd4 30. Nxe5 Nxe5 0-1

[Event "N1 Reykjavik Open 2014"]
[Site "Reykjavik, Iceland"]
[Date "2014.03.08"]
[Round "6.83"]
[White "de Winter, Eric"]
[Black "Carvalho Beserra, Juan Pablo"]
[Result "0-1"]
[WhiteElo "1804"]
[BlackElo "2005"]
[EventDate "2014.03.04"]
[PlyCount "44"]

1. e4 e5 2. Nc3 Nf6 3. f4 d5 4. exd5 exf4 5. d4 Nxd5 6. Nxd5 Qxd5 7. Bxf4 
Nc6 8. Nf3 Bg4 9. Be2 O-O-O 10. c3 Qe4 11. Qd2 Re8 12. Kd1 Nb4 13. h3 Nd5 
14. hxg4 Nxf4 15. Ne5 Qxe2+ 16. Qxe2 Nxe2 17. Nxf7 Ng3 18. Rh3 Ne4 19. Kc2
Rg8 20. Rxh7 Nf6 21. Rh4 Re2+ 22. Kb3 g5 0-1

[Event "N1 Reykjavik Open 2014"]
[Site "Reykjavik, Iceland"]
[Date "2014.03.08"]
[Round "6.84"]
[White "Tijssens, Rob"]
[Black "Thiry, Jean-Christophe"]
[Result "0-1"]
[WhiteElo "1782"]
[BlackElo "1996"]
[EventDate "2014.03.04"]
[PlyCount "104"]

1. d4 d5 2. c4 e6 3. Nf3 Nf6 4. g3 Be7 5. Bg2 O-O 6. O-O dxc4 7. Qc2 a6 8.
 Qxc4 b5 9. Qc2 Bb7 10. Bd2 Be4 11. Qc1 c6 12. e3 Nbd7 13. Nc3 Bg6 14. Nh4
Rc8 15. Nxg6 hxg6 16. Ne4 Nxe4 17. Bxe4 Nf6 18. Bg2 Nd5 19. Qe1 c5 20. Ba5
Qd7 21. dxc5 Rxc5 22. Rd1 Qc8 23. Bxd5 Rxd5 24. Rxd5 exd5 25. Qd2 Bf6 26. 
Rc1 Qf5 27. Rc5 Qb1+ 28. Kg2 Qxa2 29. Rxd5 Qxb2 30. Qxb2 Bxb2 31. Rd6 Ra8 
32. Rb6 Ba3 33. Kf3 Kf8 34. Ke4 Ke7 35. Kd5 Rd8+ 36. Kc6 Rd6+ 37. Kb7 
Rxb6+ 38. Bxb6 Kd6 39. Kxa6 b4 40. Bd4 f6 41. Kb5 b3 42. Kc4 b2 43. Bxb2 
Bxb2 44. f4 f5 45. h3 Bc1 46. Kd4 Bb2+ 47. Kc4 Kc6 48. g4 Bf6 49. Kd3 Kd5 
50. Kd2 Ke4 51. Ke2 Bh4 52. g5 Bg3 0-1

[Event "N1 Reykjavik Open 2014"]
[Site "Reykjavik, Iceland"]
[Date "2014.03.08"]
[Round "6.85"]
[White "Heimisson, Hilmir Freyr"]
[Black "Iclicki, Willy"]
[Result "1/2-1/2"]
[WhiteElo "1761"]
[BlackElo "1993"]
[EventDate "2014.03.04"]
[PlyCount "97"]

1. e4 c6 2. d4 d5 3. e5 c5 4. c3 Nc6 5. Nf3 Bg4 6. Be2 e6 7. O-O Be7 8. 
Be3 cxd4 9. cxd4 Nh6 10. Bxh6 gxh6 11. Nbd2 Rg8 12. Kh1 Qb6 13. Nb3 h5 14.
 h3 Bxf3 15. Bxf3 h4 16. Qd3 Rg7 17. a3 a5 18. Qe3 Bg5 19. Qc3 Be7 20. 
Rfe1 Rc8 21. Rac1 Kd7 22. Nc5+ Bxc5 23. dxc5 Qc7 24. Bxd5 Ke7 25. Bf3 Rg5 
26. Qc4 Rcg8 27. Qxh4 Kf8 28. Bxc6 Qxc6 29. f3 R8g6 30. Qxh7 Rxg2 31. Qh8+
Rg8 32. Qf6 R2g3 33. Qd8+ Qe8 34. Qh4 Qe7 35. Qh6+ Ke8 36. Rc3 R8g6 37. 
Qh8+ Rg8 38. Qh5 R3g5 39. Qh6 R8g6 40. Qh8+ Rg8 41. Qh6 R8g6 42. Qh7 Qd7 
43. Rce3 Qd2 44. R3e2 Qd4 45. Re3 Qxe3 46. Qh8+ Ke7 47. Qf6+ Ke8 48. Qh8+ 
Ke7 49. Qf6+ 1/2-1/2

[Event "N1 Reykjavik Open 2014"]
[Site "Reykjavik, Iceland"]
[Date "2014.03.08"]
[Round "6.86"]
[White "Sigurdsson, Birkir Karl"]
[Black "Arvidsson, Jonas"]
[Result "1-0"]
[WhiteElo "1738"]
[BlackElo "1992"]
[EventDate "2014.03.04"]
[PlyCount "0"]

1. d4 Nf6 2. c4 c5 3. d5 b5 4. cxb5 a6 5. bxa6 g6 6. Nc3 Bxa6 7. e4 Bxf1 
8. Kxf1 d6 9. Nf3 Bg7 10. g3 Nbd7 11. Kg2 O-O 12. h3 Ra6 13. Qc2 Qa8 14. 
Re1 Rb8 15. b3 e6 16. dxe6 fxe6 17. Bb2 d5 18. exd5 Nxd5 19. Nxd5 exd5 20.
 Bxg7 Kxg7 21. Re7+ Kh8 22. Rxd7 Rf6 23. Qxc5 d4 24. Qd5 Qxd5 25. Rxd5 
Rbf8 26. Rxd4 Rxf3 27. Rd2 Rc3 28. Re1 Kg7 29. Re7+ Kh6 30. h4 Rcf3 31. b4
R3f5 32. a4 Ra8 33. a5 Rb5 34. Rdd7 Kh5 35. Rxh7+ Kg4 36. f3+ 1-0

[Event "N1 Reykjavik Open 2014"]
[Site "Reykjavik, Iceland"]
[Date "2014.03.08"]
[Round "6.87"]
[White "Thorarensen, Adalsteinn"]
[Black "Sigurdsson, Sverrir"]
[Result "1/2-1/2"]
[WhiteElo "1737"]
[BlackElo "1980"]
[EventDate "2014.03.04"]
[PlyCount "127"]

1. e4 c5 2. Nf3 d6 3. Bb5+ Bd7 4. Bxd7+ Qxd7 5. c3 Nf6 6. Qe2 Qg4 7. d3 
Qxg2 8. Rg1 Qh3 9. Na3 Qc8 10. d4 g6 11. Ng5 Bg7 12. e5 dxe5 13. dxe5 Nh5 
14. Qf3 O-O 15. Qe2 e6 16. f4 Nc6 17. Nb5 Ne7 18. Nd6 Qc6 19. Nge4 Nc8 20.
 Be3 Nxd6 21. Nxd6 Rfd8 22. O-O-O Rd7 23. f5 exf5 24. Nxf5 Qe6 25. Rxd7 
Qxd7 26. Nh6+ Bxh6 27. Bxh6 Ng7 28. Qf2 Qe7 29. Rf1 Re8 30. Be3 b6 31. Kc2
Qe6 32. b3 Qf5+ 33. Qxf5 Nxf5 34. Bf4 Rd8 35. Bg5 Rd7 36. Rd1 Rxd1 37. 
Kxd1 Kf8 38. Ke2 Ke8 39. Kf3 Kd7 40. Ke4 Ke6 41. a4 Ne7 42. Bh4 Nc6 43. 
Bg3 Nb8 44. b4 cxb4 45. cxb4 Nd7 46. h3 f6 47. exf6 Nxf6+ 48. Kd4 Kd7 49. 
Be5 Ne8 50. Bb8 a6 51. Be5 Kc6 52. Ke4 Nd6+ 53. Kd4 Nf7 54. Bf6 b5 55. 
axb5+ axb5 56. Bh4 Nh6 57. Bf2 Nf7 58. Be3 Nd6 59. Bf2 Nc4 60. Bg3 Na3 61.
 Bf2 h6 62. h4 Nc4 63. Bg3 h5 64. Bf4 1/2-1/2